000 00697cam a22002173a 4500
001 45129
003 PGUSA
005 20140828084031.0
008 140313s2014||||xxu|||||s|||||000 | eng d
040 _aPGUSA
_beng
042 _adc
100 1 _aWyatt, M. Digby
245 1 4 _aThe History, Theory, and Practice of Illuminating :
_bCondensed from 'The Art of Illuminating' by the same illustrator and author
_h[electronic resource] /
_cM. Digby Wyatt
260 _bProject Gutenberg,
_c2014
506 _aPublic domain in the USA.
516 _aElectronic text
700 1 _aTymms, W. R.
830 0 _aProject Gutenberg
_v45129
856 4 0 _uhttp://www.gutenberg.org/ebooks/45129
942 _cEB
999 _c274380
_d274380